Statistics for Smallest countries by flag

Click here to take the quiz!

General Stats

  • This quiz has been taken 20 times
  • The average score is 10 of 12

Answer Stats

Answer% Correct
vatican city
100%
liechtenstein
94%
malta
94%
monaco
94%
san marino
94%
grenada
81%
marshall islands
81%
maldives
75%
nauru
75%
saint vincent and the grenadines
75%
tuvalu
75%
saint kitts and nevis
69%

Score Distribution

Percentile by Number Answered

Percent of People with Each Score

Your Score History

You have not taken this quiz